Sports Quiz

Random Sports or City Quiz

Most Appearances - Manchester City Quiz Stats

 Plays Quiz not verified by Sporcle

Support Sporcle.
Go Orange.
Score 0/30 Timer 05:00
0 Plays Today
Debut Player % Correct
1966Colin Bell
92.5%
1965Mike Summerbee
89.4%
1967Francis Lee
86.3%
1967Joe Corrigan
78.8%
2000Richard Dunne
78.8%
1959Alan Oakes
67.5%
1966Tony Book
66.9%
1949Bert Trautmann
65%
1961Neil Young
61.3%
1964Mike Doyle
58.8%
1975Paul Power
56.9%
1894Billy Meredith
54.4%
1986David White
53.1%
1967Tommy Booth
52.5%
1961Glyn Pardoe
49.4%
Debut Player % Correct
1968Willie Donachie
47.5%
1933Frank Swift
46.9%
1974Asa Hartford
46.9%
1986Ian Brightwell
40%
1927Eric Brook
38.1%
1919Tommy Johnson
37.5%
1903Billy Lot Jones
25.6%
1947Roy Clarke
16.9%
1953Joe Hayes
16.3%
1953Dave Ewing
15%
1924Sam Cowan
13.8%
1928Ernie Toseland
9.4%
1927Bobby Marshall
4.4%
1911Eli Fletcher
3.8%
1919Sam Cookson
3.1%

You're not logged in!

Compare scores with friends on all Sporcle quizzes.
OR
Log In

From the Vault

Sporcle In the Movies

by manonthemoon

Someone should really make a movie about Sporcle one of these days.
Remove Ads.
Support Sporcle.
Get the best of Sporcle when you Go Orange. This ad-free experience offers more features, more stats, and more fun while also helping to support Sporcle. Thank you for becoming a member.

Show Comments

Extras

Top Quizzes Today


Score Distribution

Your Account Isn't Verified!

In order to create a playlist on Sporcle, you need to verify the email address you used during registration. Go to your Sporcle Settings to finish the process.

Report this User

Report this user for behavior that violates our Community Guidelines.

Details: